000 00244nam a2200109Ia 4500
008 170627s9999 xx 000 0 und d
100 _aCHANDRA - PRASANNA
245 0 _aFINANCIANL MANAGEMENT
260 _bTMH
260 _c2005
546 _aENGLISH
690 _aMANAGEMENT
999 _c35286
_d35286